000 00298nam a2200109 a 4500
005 20140414131951.0
008 110202s19uu xx 00 eng d
050 _aTR 372.704
_bP93 2005
100 _aMooney, Claire
245 _aPrimary mathematics :
_bteaching theory and practice.
999 _c112781
_d112781